Quiz L'attaque des titans - SNK - Noms de famille - Statistiques

Statistiques générales
  • Ce quiz a été pris 2 076 fois
    2 036 depuis la dernière actualisation
  • Le résultat moyen est 19 sur 45
Statistiques - réponses
Hint Réponse % Correct
mikasa Ackerman
98%
Eren Jager
87%
Grisha Jager
80%
Livai Ackerman
76%
Carla Jager
73%
Historia Reiss
72%
Sasha Braus
71%
Reiner Braun
70%
Connie Springer
69%
Kenny Ackerman
68%
Armin Arlert
65%
Sieg Jager
65%
Erwin Smith
65%
Hansi Zoe
65%
Bertolt Hoover
60%
Annie Leonhart
59%
Rhodes Reiss
53%
Jean Kirstein
52%
Eren Kruger
52%
Christa Lenz
51%
Gaby Braun
50%
Dot Pixis
47%
Marco Bott
35%
Porco Galliard
33%
Theo Magath
31%
Marcel Galliard
27%
Willy Teyber
27%
Peak Finger
26%
Falco Gleis
24%
Thomas Wagner
23%
Daris Zackley
21%
Mina Carolina
20%
Petra Ralle
18%
Kiyomi Azumabito
17%
Keith Shardiz
15%
Mike Zacharias
15%
Tom Xaver
14%
Dimo Reeves
12%
Naile Dork
10%
Erd Gin
10%
Frock Forster
9%
Gunther Schultz
8%
Hitch Dreyse
7%
Marlo Freudenberg
7%
Auruo Bosard
5%
Aucun quiz correspondant
Distribution des résultats
% des personnes avec chaque résultat
Percentile par nombre de réponses
Votre historique - résultats
Vous n’avez pas pris ce quiz depuis la dernière actualisation